000 00774nam a2200217Ia 4500
003 OSt
005 20260105142719.0
008 220923b |||||||| |||| 00| 0 eng d
020 _a1571813071
037 _cGeneral Book
040 _aRTL
_cRTL
_beng
041 _2eng
_aeng
084 _aY:3(S5).654.N8, N4
_qRTL
100 _aMatory J Lorand
_9315773
245 0 _aSex and the empire that is no more: gender and the politics of metaphor in oyo yoruba religion
260 _aNew York
_bBerghan Books
_c1994
300 _axliv, 295 p.
_bIncludes bibliographical references and index.
650 _aSociology
_9861862
942 _hY:3(S5).654.N8, N4
_cGB
_2CC
_n0
999 _c622034
_d622034